<?xml version="1.0" encoding="UTF-8"?>
<record
    xmlns:xsi="http://www.w3.org/2001/XMLSchema-instance"
    xsi:schemaLocation="http://www.loc.gov/MARC21/slim http://www.loc.gov/standards/marcxml/schema/MARC21slim.xsd"
    xmlns="http://www.loc.gov/MARC21/slim">

  <leader>00946naa a22001811i 4500</leader>
  <controlfield tag="003">KOSZ 005</controlfield>
  <controlfield tag="005">20180205094156.0</controlfield>
  <controlfield tag="008">180205s1999    pl ||||f |||| 10| 0 pol d</controlfield>
  <datafield tag="040" ind1=" " ind2=" ">
    <subfield code="c">KOSZ 005/ac</subfield>
  </datafield>
  <datafield tag="100" ind1="1" ind2=" ">
    <subfield code="a">BUDNIAK, Zbigniew.</subfield>
    <subfield code="d">1996 - .</subfield>
    <subfield code="b">Politechnika Koszali&#x144;ska - Wydzia&#x142; Mechaniczny,</subfield>
    <subfield code="c">Katedra In&#x17C;ynierii Mechanicznej</subfield>
  </datafield>
  <datafield tag="245" ind1="1" ind2="0">
    <subfield code="a">Matematyczny model skarawania specjalnymi narz&#x119;dziami &#x15B;ciernymi dla wybranych sposob&#xF3;w i odmian obr&#xF3;bkowych /</subfield>
    <subfield code="c">Zbigniew Budniak.</subfield>
  </datafield>
  <datafield tag="246" ind1="3" ind2="0">
    <subfield code="a">Mathematical model of the cuting with special abrasive tools for selected ways and kinds of the treatment</subfield>
  </datafield>
  <datafield tag="650" ind1=" " ind2="0">
    <subfield code="a">Modele.</subfield>
  </datafield>
  <datafield tag="655" ind1=" " ind2="0">
    <subfield code="a">Materia&#x142;y konferencyjne.</subfield>
  </datafield>
  <datafield tag="711" ind1="2" ind2="2">
    <subfield code="a">Naukowa Szko&#x142;a Obr&#xF3;bki &#x15A;ciernej</subfield>
    <subfield code="n">(22 ;</subfield>
    <subfield code="d">1999 ;</subfield>
    <subfield code="c">Gda&#x144;sk - Jurata, Polska).</subfield>
  </datafield>
  <datafield tag="773" ind1="0" ind2=" ">
    <subfield code="i">W :</subfield>
    <subfield code="t">XXII Naukowa Szko&#x142;a Obr&#xF3;bki &#x15A;ciernej : Gda&#x144;sk-Jurata, 8-10 wrze&#x15B;nia 1999 : referaty. - </subfield>
    <subfield code="d">[Gda&#x144;sk] : WM PG, [1999]. -</subfield>
    <subfield code="g">s. 93-98</subfield>
  </datafield>
  <datafield tag="942" ind1=" " ind2=" ">
    <subfield code="c">ROZ</subfield>
    <subfield code="2">UKD</subfield>
  </datafield>
  <datafield tag="999" ind1=" " ind2=" ">
    <subfield code="c">8606</subfield>
    <subfield code="d">8606</subfield>
  </datafield>
  <datafield tag="952" ind1=" " ind2=" ">
    <subfield code="0">0</subfield>
    <subfield code="1">0</subfield>
    <subfield code="4">0</subfield>
    <subfield code="7">0</subfield>
    <subfield code="a">BPK</subfield>
    <subfield code="b">BPK</subfield>
    <subfield code="o">102740</subfield>
    <subfield code="y">ROZ</subfield>
  </datafield>
</record>
